Quizzes
Events
Quiz Creation
Community
Videos
Private Events
Remove Ads
Sign In
Join for FREE
Feedback
Dark Mode
Quiz Categories
Sports
Geography
Music
Movies
Television
Just For Fun
Miscellaneous
History
Literature
Language
Science
Gaming
Entertainment
Religion
Holiday
For Kids
Quiz Lab
Recent
Popular Today
Quiz Kudos Today
Editor Picks
Curator Picks
Quizzes by...
Day
Popularity
Type
Ratings
Length
Year
Community
Subscriptions
Recent Discussions
Orange Saloon
Badges
Playlists
Quests
Create
Leaderboards
Showdown
Live 5
Trivia Bingo
Activity
Puzzle Library
Sporcle Events
Private Events
Virtual Trivia
Globe League
Become a Host
Pub Owners
SporcleCon
Opinionation
Our Games
Videos
Blog
Mobile Apps
Partnerships
Remove Ads and Go Orange
Feedback
Music
Pop Music
The Beatles
Song
Album
Lyrics
Bands
Singers
Artist
Clip
Rock
Rap
Classical
Billboard
Country Music
Kpop
Taylor Swift
Music
Pop Music
The Beatles
Song
Album
Lyrics
Bands
Singers
Artist
Clip
Rock
Rap
Classical
Billboard
Country Music
Kpop
Taylor Swift
Random Quiz
Search Sporcle
×
Editor Pick
Editor Pick
Music
The Beatles
Type answers that correspond to images
Type answers that correspond to images
Picture Box
Best Score? Go Orange.
Badly Drawn Albums: The Beatles Stats
Can you identify each of the Beatles' core catalogue albums based on a badly drawn version of their cover?
By
Tr4pD00r
2m
13 Questions
2,506 Plays
2,506 Plays
2,506 Plays
Comments
Comments
Give Quiz Kudos
Give Quiz Kudos
-
- Ratings
hide this ad
More Info
Forced Order
Answers have to be entered in order
Answers have to be entered in order
Random Order
Randomize order of answers
Randomize order of answers
Replay
Link that replays current quiz
Next Quiz
Link to next quiz in quiz playlist
You Got
0%
They Got
Avg Score
75%
Avg Friend Score
Upgrade to see
Score Distribution
Jump to the score distribution portion of the page
Score
0/13
Timer
02:00
0
Plays Today
% Correct
Abbey Road
94%
The Beatles (White Album)
90%
Help!
88.6%
Sgt Peppers Lonely Hearts Club Band
85.5%
Let It Be
83.8%
Revolver
83.1%
Rubber Soul
80%
Yellow Submarine
79.6%
Magical Mystery Tour
76.9%
A Hard Day's Night
59.8%
Please Please Me
58.3%
With the Beatles
56.6%
Beatles for Sale
51.1%
Quiz Playlist
Details
Report
Send in Message
Add To Playlist
More Info:
The Beatles' core catalogue comprises of their 12 studio albums and an additional EP that was also an album in the US.
This quiz is based on a series of pictures I drew many years ago. The full size uncensored pictures are linked in the source.
Picture Box:
Type answers that correspond to images
Forced Order:
Answers have to be entered in order
Random Order:
Randomize order of answers
Quiz Source
Last Updated: May 26, 2017
Editor Pick in
Music
Curator Pick in
Album
Quiz Scoreboard
CHALLENGE
Sign Up to Join the Scoreboard
Show All
Scores
Hide
Comments
May contain spoilers
Recently Published
Presidents Visiting Landmarks
by Hejman
History
7m
An Introduction to Baseball
by treessimontrees
Sports
5m
Movies - When Are They Set?
by FPL_Elf
Movies
5m
More to Explore
Quiz From the Vault
Featured Blog Post
Where Did the Easter Bunny Come From?
hide this ad
You Might Also Like...
Tags
Album Quiz
The Beatles Quiz
Album Cover
Drawn
Image Quiz
Today's Top Quizzes in Music
Browse Music
hide this ad
Today's Top Quizzes in The Beatles
Browse The Beatles
Top Contributed Quizzes in Music
1
Taylor Swift All Songs (2024)
2
Guess the Artist- 70s Songs
3
Taylor Swift Logic Puzzle
4
KPOP LOGIC QUIZ
5
One Thing in Common: Music
6
2010s Album by Cover III
7
7-to-1: Billboard Hot 100 #1 Hits of 2010s
8
Guess the Taylor Swift song (Mystery Song)
9
Sorting Albums and Songs
10
2000s Album Cover Bunker
Explore More
Trending Topics
Marvel
Disney
Anime
NBA
Harry Potter
Crossword
Kpop
The Office
Soccer
NFL
WWE
Puzzle
Country
Pokémon
Song
hide this ad
More By:
Tr4pD00r
Quiz
Plays
Rating
Category
Featured
Created
How to Chop Onions Without Tears (Spacebar Challenge)
86,465
4.25
Just For Fun
Aug 5, 2016
USA by Nearest State Capital
80,455
4.73
Geography
Jul 17, 2016
Paint by Lyrics: The Star-Spangled Banner
74,410
4.59
Holiday
Oct 30, 2016
20 Questions Wrong: Geography
68,943
3.79
Geography
Sep 27, 2016
20 Questions Wrong: Science
63,129
4.31
Science
Sep 4, 2016
Go to Creator's Profile
Score Distribution
Quiz Creator Spotlight
Tr4pD00r
Follow
Send a Message
Quizzes Created
-
Created Quiz Play Count
-
More By This Creator
Popular Quizzes Today
1
Find the US States - No Outlines Minefield
2
Find the Countries of Europe - No Outlines Minefield
3
The Countries of the World
4
Find the US States
5
Popular People in 1961
6
US States
7
Risky Map Clicking: Biggest States A-Z
8
1-10 Letter E Words III
More Music Quizzes
10 to 1 Beatles
Quiz Lab
Trending Quizzes
Risky Map Clicking: Least Populous States A-Z
1-10 Letter G Words
1-10 Letter F Words
One Thing in Common: United Kingdom
Risky Map Clicking: Next State Alphabetically
Recently Updated
Leaping Animals
pecheneg
Reality TV Shows (A-Z)
bhenderson79
Rickey Henderson's Hall of Fame Teammates
pecheneg
Champions League XIs: Arsenal
pecheneg
Quick Pick: Celebrities in WWE's Hall of Fame
aduchscher
A-Z Keypad Blitz II
pecheneg
Multiple Oscar Actors
pecheneg
Mystery Phrase Blitz: Oscar 'Best Actors'
pecheneg
F. Scott Fitzgerald Novels
LTH
Pick 3 Villains
ddd62291
Trending Topics
Disney
Marvel
NBA
Crossword
Harry Potter
Kpop
Anime
NFL
Soccer
Country
Puzzle
Song
WWE
The Office
Pokémon
Your Account Isn't Verified!
In order to create a playlist on Sporcle, you need to verify the email address you used during registration. Go to your
Sporcle Settings
to finish the process.
Report this User
Report this user for behavior that violates our
Community Guidelines
.
Details:
Send Report
Go to the Sporcle.com Mobile Site →
Comments